|
|
|
|
| LEADER |
03603nam a22005775i 4500 |
| 001 |
978-3-642-04471-7 |
| 003 |
DE-He213 |
| 005 |
20170118060138.0 |
| 007 |
cr nn 008mamaa |
| 008 |
100301s2009 gw | s |||| 0|eng d |
| 020 |
|
|
|a 9783642044717
|9 978-3-642-04471-7
|
| 024 |
7 |
|
|a 10.1007/978-3-642-04471-7
|2 doi
|
| 040 |
|
|
|d GrThAP
|
| 050 |
|
4 |
|a TK5105.5-5105.9
|
| 072 |
|
7 |
|a UKN
|2 bicssc
|
| 072 |
|
7 |
|a COM075000
|2 bisacsh
|
| 082 |
0 |
4 |
|a 004.6
|2 23
|
| 245 |
1 |
0 |
|a Smart Sensing and Context
|h [electronic resource] :
|b 4th European Conference, EuroSSC 2009, Guildford, UK, September 16-18, 2009. Proceedings /
|c edited by Payam Barnaghi, Klaus Moessner, Mirko Presser, Stefan Meissner.
|
| 264 |
|
1 |
|a Berlin, Heidelberg :
|b Springer Berlin Heidelberg :
|b Imprint: Springer,
|c 2009.
|
| 300 |
|
|
|a XI, 219 p.
|b online resource.
|
| 336 |
|
|
|a text
|b txt
|2 rdacontent
|
| 337 |
|
|
|a computer
|b c
|2 rdamedia
|
| 338 |
|
|
|a online resource
|b cr
|2 rdacarrier
|
| 347 |
|
|
|a text file
|b PDF
|2 rda
|
| 490 |
1 |
|
|a Lecture Notes in Computer Science,
|x 0302-9743 ;
|v 5741
|
| 505 |
0 |
|
|a Activity Recognition -- Episode Segmentation Using Recursive Multiple Eigenspaces -- Keep on Moving! Activity Monitoring and Stimulation Using Wireless Sensor Networks -- Time-Lag as Limiting Factor for Indoor Walking Navigation -- Information Aspects of Context-Aware Sensor and Actuator Systems -- A Query Service for Raw Sensor Data -- A Context Lifecycle for Web-Based Context Management Services -- Semantic Annotation and Reasoning for Sensor Data -- Context-Aware Service Platforms -- Semantic Rules for Context-Aware Geographical Information Retrieval -- A Context Provisioning Framework to Support Pervasive and Ubiquitous Applications -- Context-Aware Recommendations on Mobile Services: The m:Ciudad Approach -- Context Processing, Reasoning and Fusion -- Context Cells: Towards Lifelong Learning in Activity Recognition Systems -- Automatic Event-Based Synchronization of Multimodal Data Streams from Wearable and Ambient Sensors -- Using Dempster-Shafer Theory of Evidence for Situation Inference -- Real-World Experiences with Deployed Systems -- Recognizing the Use-Mode of Kitchen Appliances from Their Current Consumption -- Wireless Sensor Networks to Enable the Passive House - Deployment Experiences -- Context-Aware Frameworks in Mobile Environments -- Mobile Context Toolbox -- Statistic-Based Context Recognition in Smart Car.
|
| 650 |
|
0 |
|a Computer science.
|
| 650 |
|
0 |
|a Computer organization.
|
| 650 |
|
0 |
|a Computer communication systems.
|
| 650 |
|
0 |
|a Special purpose computers.
|
| 650 |
|
0 |
|a Computers.
|
| 650 |
|
0 |
|a User interfaces (Computer systems).
|
| 650 |
1 |
4 |
|a Computer Science.
|
| 650 |
2 |
4 |
|a Computer Communication Networks.
|
| 650 |
2 |
4 |
|a Special Purpose and Application-Based Systems.
|
| 650 |
2 |
4 |
|a User Interfaces and Human Computer Interaction.
|
| 650 |
2 |
4 |
|a Computer Systems Organization and Communication Networks.
|
| 650 |
2 |
4 |
|a Information Systems and Communication Service.
|
| 650 |
2 |
4 |
|a Information Systems Applications (incl. Internet).
|
| 700 |
1 |
|
|a Barnaghi, Payam.
|e editor.
|
| 700 |
1 |
|
|a Moessner, Klaus.
|e editor.
|
| 700 |
1 |
|
|a Presser, Mirko.
|e editor.
|
| 700 |
1 |
|
|a Meissner, Stefan.
|e editor.
|
| 710 |
2 |
|
|a SpringerLink (Online service)
|
| 773 |
0 |
|
|t Springer eBooks
|
| 776 |
0 |
8 |
|i Printed edition:
|z 9783642044700
|
| 830 |
|
0 |
|a Lecture Notes in Computer Science,
|x 0302-9743 ;
|v 5741
|
| 856 |
4 |
0 |
|u http://dx.doi.org/10.1007/978-3-642-04471-7
|z Full Text via HEAL-Link
|
| 912 |
|
|
|a ZDB-2-SCS
|
| 912 |
|
|
|a ZDB-2-LNC
|
| 950 |
|
|
|a Computer Science (Springer-11645)
|